Statistiques concernant Architecture d'un château fort

Cliquez ici pour prendre le quiz!

Statistiques générales

  • Ce quiz a été pris 45 fois
  • Le résultat moyen est 8 sur 11

Réponses sur la Carte

Les réponses sont colorées sur une échelle allant du rouge au vert en fonction du pourcentage des utilisateurs qui les ont devinées à leur premier essai. Vous pouvez retrouver ces pourcentages ci-dessous.
 

Statistiques - réponses

Instrument% Correct
Donjon
100%
Basse-cour
90%
Haute cour
86%
Herse
83%
Hourds
81%
Machicoulis
81%
Pont-levis
79%
Chatelet d'entrée
74%
Courtine
74%
Douves
74%
Chemin de ronde
2%

Distribution des résultats

Percentile par nombre de réponses

% des personnes avec chaque résultat

Votre développement - résultats

Vous n’avez pas pris ce quiz